Bosnian players in Premier League (2000-) - Statistics

General Stats
  • This quiz has been taken 63 times
  • The average score is 4 of 7
Answer Stats
Ranking Player Positions Nationality Matches Goals (assists) Periods Clubs % Correct
2 Edin Džeko FW 130 50 (11) 2010-2015
100%
1 Asmir Begović GK 256 1 (0) 2008-2018, 2021-2023
96%
3 Sead Kolašinac DF, MF 80 2 (11) 2017-2022
91%
4 Muhamed Bešić DF, MF 46 0 (0) 2014-2015, 2017-2018, 2019-2020
53%
5 Anel Ahmedhodžić DF 31 2 (0) 2023-2024
49%
6 Mario Vrančić MF 20 1 (0) 2019-2020
22%
7 Muhamed Konjić DF 8 0 (0) 2000-2001
11%
No matching quizzes found
Score Distribution
Percent of People with Each Score
Percentile by Number Answered
Your Score History
You have not taken this quiz